LEADER 01103nam a2200277 i 4500 001 000000159519 003 CaOOAMICUS 005 20070228000000.0 008 070228s1980 it u000 u ita u 013 $a136882 040 $aSeMil$bita 100 1 $aOri, Pier Damiano.$0(OLS)http://semarc/name/41787 245 10$aMatilde di Canossa /$cPier Damiano Ori, Giovanni Perich. 260 $aMilano :$bRusconi,$c1980. 300 $a203 p., [8] p. di tav. :$bill. ;$c22 cm. 490 0 $aLa storia 500 $aContiene : Bibliografia essenziale. - Fondo Card. Giovanni Colombo. 600 04$aMatilde : di Canossa <1046-1115>.$0(OLS)http://semarc/subject/6623 700 1 $aPerich, Giovanni.$0(OLS)http://semarc/name/41788 830 3$aLa storia [Rusconi].$0(OLS)http://semarc/title/9248 850 $aSeMil 852 $aSeMil$W1$xVenegono$y1$m1O I 115$j111076$B111076$CSeMilBibl$Z2$F120684 $81 941 1 $a3 961 $aLascito: Colombo Card. Giovanni 996 $6245$aMatilde di Canossa$9(OLS)http://semarc/title/141604 996 $6260$aMilano :$bRusconi$9(OLS)http://semarc/publisher/30258 LEADER 00790nam a2200181 i 4500 001 000000229083 003 CaOOAMICUS 005 20140424000000.0 008 140424s1821 it u000 u ita u 013 $a207985 026 $aLJPA c.et r-go Bean (3) 1821 (R) 040 $aSeMil$bita 245 10$aVol. 4. 300 $a296 p. 773 0 $aGregorius I, $tQuaranta omelie di S. Gregorio papa sopra gli Evalgelj, volgarizzamento e testo di lingua italiana citato dagli accademici della Crusca e rettificato sui codici della Ricardiana. Volume 1. [-2.].$dBrescia : Per Gaetano Venturini, 1821.$g4$w()29774 850 $aSeMil 852 $aSeMil$W1$xVenegono$y1$m2S I 68 FA$j179429$B179429$CSeMilBibl$Z2$F190528 $8I 996 $6245$aVol. 4$9(OLS)http://semarc/title/108694